[Event "Regionalliga Nord-Ost 1819"]
[Site "Bayern"]
[Date "2019.03.24"]
[Round "8.4"]
[White "Steibl, Hans Dieter"]
[Black "Laubert, Johannes"]
[Result "0-1"]
[WhiteElo "1984"]
[BlackElo "2077"]
[PlyCount "108"]
[EventDate "2018.10.21"]
[EventType "team-tourn"]
[EventRounds "9"]
[EventCountry "GER"]
[SourceTitle "EXT 2022"]
[Source "ChessBase"]
[SourceDate "2021.10.06"]
[SourceVersion "1"]
[SourceVersionDate "2021.10.06"]
[SourceQuality "1"]
[WhiteTeam "Kelheim SK II"]
[BlackTeam "Windischeschenbach"]
[WhiteTeamCountry "GER"]
[BlackTeamCountry "GER"]

1. e4 c5 2. Nc3 e6 3. g3 a6 4. Bg2 b5 5. Nge2 Bb7 6. 0-0 b4 7. Nb1 Nf6 8. d3 Be7 9. Nd2 Nc6 10. h3 d5 11. exd5 exd5 12. Nf4 0-0 13. Re1 Re8 14. Nf3 Qc7 15. Bd2 Rad8 16. Nh2 Ne5 17. Nh5 g6 18. Nxf6+ Bxf6 19. Bf4 Qd7 20. a3 Nc6 21. Rb1 Nd4 22. Bd2 bxa3 23. bxa3 Nb5 24. Rb3 c4 25. Ng4 Bd4 26. Rb4 a5 27. Rxe8+ Rxe8 28. Rxb5 Qxb5 29. Qf3 f5 30. Nh6+ Kg7 31. g4 Qb1+ 32. Bf1 Qxc2 33. Qf4 Be5 34. Qg5 fxg4 35. Nxg4 Bd4 36. Be3 Qc3 37. Bd2 Qb2 38. dxc4 Qxa3 39. Qf4 Qb2 40. Qc7+ Kh8 41. Qf7 Rc8 42. Bg5 Qb6 43. Be7 Bg7 44. Nh6 Bd4 45. Ng4 dxc4 46. Bxc4 Qc6 47. Bd5 Qc1+ 48. Kh2 Bxd5 49. Qxd5 Bg7 50. Bd6 Qc6 51. Qd3 Rd8 52. Ne5 Rxd6 53. Nf7+ Kg8 54. Nxd6 Be5+ 0-1

[Event "Landesliga Nord 1213"]
[Site "Bayern"]
[Date "2012.10.14"]
[Round "1.7"]
[White "Birkmann, Guenther"]
[Black "Steibl, Hans Dieter"]
[Result "1/2-1/2"]
[WhiteElo "1917"]
[BlackElo "2007"]
[PlyCount "59"]
[EventDate "2012.10.14"]
[EventType "team-tourn"]
[EventRounds "9"]
[EventCountry "GER"]
[SourceTitle "EXT 2015"]
[Source "ChessBase"]
[SourceDate "2014.11.20"]
[SourceVersion "1"]
[SourceVersionDate "2014.11.20"]
[SourceQuality "1"]
[WhiteTeam "Zirndorf"]
[BlackTeam "Kelheim"]
[WhiteTeamCountry "GER"]
[BlackTeamCountry "GER"]

1. Nf3 Nf6 2. c4 g6 3. g3 Bg7 4. Bg2 0-0 5. 0-0 d5 6. cxd5 Nxd5 7. d4 Nc6 8. Nc3 Nb6 9. e3 e5 10. d5 Nb4 11. e4 c6 12. a3 Na6 13. dxc6 bxc6 14. Qc2 Nc5 15. Rd1 Qe7 16. Be3 Ne6 17. Na4 Nxa4 18. Qxa4 c5 19. Rac1 Rb8 20. Rd5 Nd4 21. Rcxc5 Rxb2 22. Nxd4 exd4 23. Bc1 Rb7 24. Rb5 Be6 25. Rdc5 Rd7 26. Bd2 d3 27. e5 Rfd8 28. h4 h6 29. Qa5 Bf8 30. a4 1/2-1/2

[Event "Landesliga Nord 1112"]
[Site "Bayern"]
[Date "2011.10.02"]
[Round "1.8"]
[White "Schneider, Bernd3333"]
[Black "Steibl, Hans Dieter"]
[Result "0-1"]
[WhiteElo "1896"]
[BlackElo "1986"]
[PlyCount "58"]
[EventDate "2011.10.02"]
[EventType "team-tourn"]
[EventRounds "9"]
[EventCountry "GER"]
[SourceTitle "EXT 2013"]
[Source "ChessBase"]
[SourceDate "2012.11.22"]
[SourceVersion "1"]
[SourceVersionDate "2012.11.22"]
[SourceQuality "1"]
[WhiteTeam "Klingenberg/Main"]
[BlackTeam "Kelheim"]
[WhiteTeamCountry "GER"]
[BlackTeamCountry "GER"]

1. d4 Nf6 2. c4 g6 3. Nc3 Bg7 4. e4 d6 5. f3 b6 6. Nge2 c5 7. Be3 Nc6 8. Qd2 a6 9. f4 Ng4 10. Bg1 0-0 11. d5 Na5 12. Ng3 e5 13. f5 Qh4 14. Na4 Rb8 15. b3 gxf5 16. exf5 Bxf5 17. Kd1 Bg6 18. b4 Nxc4 19. Bxc4 b5 20. bxc5 e4 21. Rc1 e3 22. Qe1 bxa4 23. c6 Rb2 24. Nf1 Nf2+ 25. Bxf2 exf2 26. Qe3 Bh5+ 27. Be2 Bxe2+ 28. Qxe2 Rxe2 29. Kxe2 Re8+ 0-1

[Event "Landesliga Nord 1011"]
[Site "Bayern"]
[Date "2010.11.14"]
[Round "3.8"]
[White "Steibl, Hans Dieter"]
[Black "Muehlbauer, Hans Rainer"]
[Result "1-0"]
[WhiteElo "1986"]
[BlackElo "1800"]
[PlyCount "133"]
[EventDate "2010.10.10"]
[EventType "team-tourn"]
[EventRounds "9"]
[EventCountry "GER"]
[SourceTitle "EXT 2012"]
[Source "ChessBase"]
[SourceDate "2011.11.24"]
[SourceVersion "1"]
[SourceVersionDate "2011.11.24"]
[SourceQuality "1"]
[WhiteTeam "Kelheim"]
[BlackTeam "Koetzting"]
[WhiteTeamCountry "GER"]
[BlackTeamCountry "GER"]

1. e4 e5 2. Nf3 Nf6 3. Nc3 d6 4. d4 exd4 5. Nxd4 Be7 6. Be2 0-0 7. 0-0 Bd7 8. b3 Nc6 9. Bb2 Re8 10. Qd2 Qc8 11. Rad1 Bf8 12. Qf4 Ne5 13. Rfe1 Ng6 14. Qf3 a6 15. Nf5 Ne5 16. Qf4 Ng6 17. Nh6+ gxh6 18. Qxf6 Bg7 19. Qf3 Qd8 20. Bc1 Qh4 21. Nd5 Ne5 22. Qg3 Qxg3 23. hxg3 Red8 24. c4 b5 25. Nxc7 Ra7 26. Nd5 bxc4 27. bxc4 Ba4 28. Be3 Bxd1 29. Bxa7 Bxe2 30. Rxe2 Nxc4 31. Rc2 Ne5 32. Ne7+ Kh8 33. f3 Bf8 34. Nd5 Kg7 35. Bd4 Kg6 36. Nb4 a5 37. Nd5 Rb8 38. g4 Nd3 39. Rd2 Ne5 40. Kh2 Rc8 41. Kg3 Nd7 42. f4 f6 43. Kf3 Rc4 44. Ke3 Ra4 45. Nc3 Rb4 46. g3 Rb7 47. Rh2 Nc5 48. Nd5 Bg7 49. Rc2 Na6 50. Rc6 Nb4 51. Rxd6 Nc2+ 52. Kd3 Nxd4 53. Kxd4 Kf7 54. Ra6 f5+ 55. e5 fxg4 56. Ke4 h5 57. Kf5 h4 58. Ra8 Bf8 59. Kxg4 hxg3 60. Kxg3 Bb4 61. f5 Kg7 62. Kg4 Rd7 63. Nf4 Rd4 64. f6+ Kf7 65. Kf5 Bf8 66. e6+ Kg8 67. e7 1-0

[Event "Landesliga Nord 0304"]
[Site "Bayern"]
[Date "2004.04.25"]
[Round "9.8"]
[White "Steibl, Hans Dieter"]
[Black "Roerig, Erwin"]
[Result "1-0"]
[WhiteElo "1986"]
[BlackElo "2009"]
[PlyCount "119"]
[EventDate "2003.10.??"]
[EventType "team"]
[EventRounds "9"]
[EventCountry "GER"]
[SourceTitle "EXT 2006"]
[Source "ChessBase"]
[SourceDate "2005.11.24"]
[SourceVersion "1"]
[SourceVersionDate "2005.11.24"]
[SourceQuality "1"]
[WhiteTeam "Kelheim"]
[BlackTeam "Neutraubling"]
[WhiteTeamCountry "GER"]
[BlackTeamCountry "GER"]

1. e4 e6 2. d4 d5 3. e5 c5 4. c3 Qb6 5. Nf3 Nc6 6. a3 Nh6 7. b4 cxd4 8. cxd4 Nf5 9. Be3 Nxe3 10. fxe3 g6 11. Bd3 Bh6 12. Qe2 Bd7 13. 0-0 0-0 14. Nbd2 Qd8 15. Nb3 b6 16. Rac1 a5 17. b5 Ne7 18. g4 Bg7 19. a4 Rc8 20. h3 Rxc1 21. Rxc1 Qb8 22. Kg2 Rc8 23. Rxc8+ Qxc8 24. Qc2 Qxc2+ 25. Bxc2 Bc8 26. Nc1 Bh6 27. Kf2 Bb7 28. Ne2 Bf8 29. Nf4 Kg7 30. Kg3 Ng8 31. Ng5 Bc8 32. Bb3 h6 33. Nf3 Ba3 34. Bc2 Bb7 35. Kf2 Bb4 36. Ke2 Ne7 37. Nd3 Ba3 38. Kf2 Ng8 39. Nd2 Be7 40. Nf3 Bd8 41. Nf4 Be7 42. Ke2 Bd8 43. Bxg6 Bg5 44. Bc2 Bxf4 45. exf4 Bc8 46. f5 f6 47. Ke3 Ne7 48. Kf4 Kf7 49. Nh4 Bd7 50. Nf3 Bc8 51. h4 exf5 52. gxf5 Kg7 53. Nh2 Ng8 54. Ng4 Bb7 55. Bd1 Ba8 56. Ne3 Bb7 57. Bh5 Kf8 58. Bf3 fxe5+ 59. Kxe5 Ke7 60. Bxd5 1-0

[Event "Landesliga Nord 0304"]
[Site "Bayern"]
[Date "2004.03.07"]
[Round "7.7"]
[White "Ruettinger, Matthias"]
[Black "Steibl, Hans Dieter"]
[Result "1/2-1/2"]
[WhiteElo "1898"]
[BlackElo "1986"]
[PlyCount "51"]
[EventDate "2003.10.??"]
[EventType "team"]
[EventRounds "9"]
[EventCountry "GER"]
[SourceTitle "EXT 2006"]
[Source "ChessBase"]
[SourceDate "2005.11.24"]
[SourceVersion "1"]
[SourceVersionDate "2005.11.24"]
[SourceQuality "1"]
[WhiteTeam "Bindlach"]
[BlackTeam "Kelheim"]
[WhiteTeamCountry "GER"]
[BlackTeamCountry "GER"]

1. d4 Nf6 2. Bg5 g6 3. Bxf6 exf6 4. c4 f5 5. Nc3 Bg7 6. e3 0-0 7. Nge2 d6 8. g3 Nd7 9. Bg2 Nf6 10. 0-0 c6 11. Qd3 Re8 12. b4 Bd7 13. Rab1 Rb8 14. Rfd1 h5 15. d5 c5 16. bxc5 dxc5 17. Nb5 Bxb5 18. Rxb5 Nd7 19. d6 b6 20. Nf4 Qf6 21. Bd5 Red8 22. Qa3 a5 23. Qb3 Bf8 24. Bc6 Ne5 25. Bd5 Nd7 26. Bc6 1/2-1/2

[Event "Landesliga Nord 0304"]
[Site "Bayern"]
[Date "2003.12.14"]
[Round "4.7"]
[White "Steibl, Hans Dieter"]
[Black "Auer, Guenther"]
[Result "1/2-1/2"]
[WhiteElo "1986"]
[BlackElo "1957"]
[PlyCount "30"]
[EventDate "2003.10.??"]
[EventType "team"]
[EventRounds "9"]
[EventCountry "GER"]
[SourceTitle "EXT 2006"]
[Source "ChessBase"]
[SourceDate "2005.11.24"]
[SourceVersion "1"]
[SourceVersionDate "2005.11.24"]
[SourceQuality "1"]
[WhiteTeam "Kelheim"]
[BlackTeam "Asittenbach"]
[WhiteTeamCountry "GER"]
[BlackTeamCountry "GER"]

1. e4 e6 2. d4 d5 3. e5 c5 4. c3 Nc6 5. Nf3 Qb6 6. a3 Nh6 7. b4 cxd4 8. Bxh6 gxh6 9. cxd4 Bd7 10. Be2 Bg7 11. 0-0 Rc8 12. Qd2 0-0 13. Ra2 Ne7 14. Nc3 Ng6 15. Bd3 f6 1/2-1/2

[Event "Landesliga Nord 0102"]
[Site "Bayern"]
[Date "2002.02.24"]
[Round "6.7"]
[White "Steibl, Hans Dieter"]
[Black "Elbert, Thomas"]
[Result "1-0"]
[WhiteElo "2040"]
[BlackElo "1720"]
[PlyCount "113"]
[EventDate "2001.10.07"]
[EventType "team"]
[EventRounds "9"]
[EventCountry "GER"]
[SourceTitle "EXT 2003"]
[Source "ChessBase"]
[SourceDate "2002.11.25"]
[SourceVersion "1"]
[SourceVersionDate "2002.11.25"]
[SourceQuality "1"]
[WhiteTeam "Kelheim"]
[BlackTeam "Sailauf"]
[WhiteTeamCountry "GER"]
[BlackTeamCountry "GER"]

1. e4 c6 2. d4 d5 3. exd5 cxd5 4. c4 e6 5. Nc3 Nf6 6. Nf3 Nc6 7. Be2 Be7 8. 0-0 0-0 9. a3 b6 10. cxd5 Nxd5 11. Ne4 Bb7 12. Bd3 Nf6 13. Ng3 Qd5 14. Be3 e5 15. dxe5 Nxe5 16. Be2 Nxf3+ 17. Bxf3 Qxd1 18. Rfxd1 Bxf3 19. gxf3 Rfd8 20. Nf5 Bf8 21. Bg5 Rac8 22. Nh6+ gxh6 23. Bxf6 Rxd1+ 24. Rxd1 Bg7 25. Bxg7 Kxg7 26. Rd7 Rc2 27. b4 a5 28. bxa5 bxa5 29. Rd5 a4 30. Rd4 Rc3 31. Rxa4 Rxf3 32. Rg4+ Kf6 33. a4 Ra3 34. Rb4 Kg7 35. Kg2 Kg6 36. Rg4+ Kf6 37. Rf4+ Kg6 38. h3 Kg7 39. Kf1 Kg6 40. h4 h5 41. Ke2 f6 42. Kd2 f5 43. Kc2 Kf6 44. Kb2 Rd3 45. a5 Ke5 46. Ra4 Rd7 47. a6 Ra7 48. Kc3 Kd5 49. Kd3 Ke5 50. Ke3 h6 51. Ra5+ Ke6 52. Kf4 Kf6 53. Rxf5+ Ke6 54. Rxh5 Kf6 55. Rxh6+ Kg7 56. Rb6 Kg8 57. Rb8+ 1-0

[Event "Landesliga Nord 0001"]
[Site "Bayern"]
[Date "2001.01.14"]
[Round "4"]
[White "Steibl, Hans Dieter"]
[Black "Schulte, Ralph"]
[Result "1/2-1/2"]
[WhiteElo "2030"]
[BlackElo "2038"]
[PlyCount "104"]
[EventDate "2000.10.15"]
[EventType "team-tourn"]
[EventRounds "9"]
[EventCountry "GER"]
[SourceTitle "EXT 2020"]
[Source "ChessBase"]
[SourceDate "2019.10.17"]
[SourceVersion "1"]
[SourceVersionDate "2019.10.17"]
[SourceQuality "1"]
[WhiteTeam "Kelheim"]
[BlackTeam "Zirndorf"]
[WhiteTeamCountry "GER"]
[BlackTeamCountry "GER"]

1. e4 g6 2. d4 Bg7 3. Nc3 c6 4. Nf3 d5 5. Be2 Bg4 6. exd5 cxd5 7. h3 Bxf3 8. Bxf3 e6 9. Ne2 Nc6 10. c3 Nge7 11. 0-0 0-0 12. Nf4 Rc8 13. Re1 Na5 14. Nd3 Nc4 15. b3 Nd6 16. Bd2 Nc6 17. Bf4 b5 18. Ne5 Nxe5 19. dxe5 Nf5 20. Qd3 g5 21. Bd2 Qc7 22. Bg4 Nh4 23. Rac1 Ng6 24. Qxb5 h6 25. c4 Rb8 26. Qa4 Nxe5 27. cxd5 Qd6 28. Bc3 Nxg4 29. Qxg4 Bxc3 30. Rxc3 Qxd5 31. Rce3 Rbc8 32. Re5 Qd2 33. R5e2 Qd3 34. h4 Qg6 35. Re5 gxh4 36. Qxh4 Kh7 37. R5e3 Rg8 38. Rg3 Qf5 39. Rxg8 Rxg8 40. Qe4 Rg5 41. Qxf5+ Rxf5 42. Re4 Rc5 43. Ra4 a5 44. g3 Kg6 45. Kg2 e5 46. b4 axb4 47. Rxb4 Rc2 48. a4 Ra2 49. Kf3 Kf5 50. g4+ Kg5 51. Kg3 h5 52. gxh5 Kxh5 1/2-1/2

[Event "Landesliga Nord 9798"]
[Site "Bayern"]
[Date "1998.??.??"]
[Round "?.8"]
[White "Schwalbe, Gerhard"]
[Black "Steibl, Hans Dieter"]
[Result "1/2-1/2"]
[WhiteElo "2075"]
[BlackElo "2010"]
[PlyCount "70"]
[EventDate "1997.10.19"]
[EventType "team-tourn"]
[EventRounds "9"]
[EventCountry "GER"]
[SourceTitle "EXT 2020"]
[Source "ChessBase"]
[SourceDate "2019.10.17"]
[SourceVersion "1"]
[SourceVersionDate "2019.10.17"]
[SourceQuality "1"]
[WhiteTeam "Bamberg SC II"]
[BlackTeam "Kelheim"]
[WhiteTeamCountry "GER"]
[BlackTeamCountry "GER"]

1. d4 Nf6 2. g3 g6 3. Bg2 Bg7 4. e4 d6 5. Ne2 0-0 6. 0-0 e5 7. Na3 c5 8. dxc5 dxc5 9. Be3 b6 10. Qc1 Ba6 11. Rd1 Qc8 12. Nc3 Nc6 13. Nab5 Nd4 14. a4 Bxb5 15. axb5 a6 16. bxa6 Rxa6 17. Rxa6 Qxa6 18. h3 Qb7 19. Kh2 Re8 20. Bg5 Ne6 21. Bh6 Bxh6 22. Qxh6 Qe7 23. Qc1 Rd8 24. Nd5 Nxd5 25. exd5 Nd4 26. c3 Nb5 27. g4 f5 28. gxf5 gxf5 29. Qh6 Nd6 30. Bf3 Kh8 31. Qe6 Re8 32. Qh6 Rg8 33. Qe6 Re8 34. Qh6 Rg8 35. Qe6 Re8 1/2-1/2

[Event "Regionalliga NO 9495"]
[Site "Bayern"]
[Date "1994.??.??"]
[Round "?.4"]
[White "Steibl, Hans Dieter"]
[Black "Schamberger, Alfons"]
[Result "1-0"]
[WhiteElo "2030"]
[BlackElo "2000"]
[PlyCount "67"]
[EventDate "1994.10.??"]
[EventType "team-tourn"]
[EventRounds "9"]
[EventCountry "GER"]
[SourceTitle "EXT 1999"]
[Source "ChessBase"]
[SourceDate "1998.11.16"]
[SourceVersion "1"]
[SourceVersionDate "1998.11.16"]
[SourceQuality "1"]
[WhiteTeam "Kelheim II"]
[BlackTeam "Furth im Wald"]
[WhiteTeamCountry "GER"]
[BlackTeamCountry "GER"]

1. e4 c5 2. Nf3 Nc6 3. Bb5 g6 4. 0-0 Bg7 5. c3 Qb6 6. Qe2 Nf6 7. Na3 0-0 8. d3 d5 9. Bg5 dxe4 10. dxe4 Bg4 11. h3 Bxf3 12. Qxf3 h6 13. Bf4 Nh5 14. Bh2 a6 15. Bxc6 Qxc6 16. Qe2 Nf6 17. e5 Nd5 18. Nc4 b5 19. Nd2 Nb6 20. c4 Rfd8 21. b3 Rd4 22. cxb5 axb5 23. Rfe1 Rad8 24. Nf3 Rd3 25. Rac1 Qd5 26. Bf4 c4 27. e6 cxb3 28. axb3 Rf8 29. Be3 Nc8 30. exf7+ Kxf7 31. Rc5 Qxb3 32. Bxh6 Bxh6 33. Ne5+ Kg7 34. Nxd3 1-0